[Event "Druzynowe Mistrzostwa Polski Juniorow - Ekstraliga"]
[Site "Sypniewo k. Jastrowia"]
[Date "2024-06-17"]
[Round "1.22"]
[White "Brzezina, Pawel"]
[Black "Iwan, Patryk"]
[Result "1-0"]
[WhiteTitle "I"]
[BlackTitle "I"]
[WhiteElo "1955"]
[BlackElo "1808"]

1. d4 Nf6 2. c4 g6 3. g3 Bg7 4. Bg2 O-O 5. Nc3 d6 6. Nf3 Nc6 7. d5 Na5 8. b3 c5
9. Bb2 a6 10. O-O Rb8 11. a4 Qb6 12. Nd2 e6 13. Qc2 exd5 14. Nxd5 Nxd5 15. Bxg7
Kxg7 16. cxd5 Qb4 17. Qb2+ f6 18. Qc2 b5 19. axb5 axb5 20. Ra2 Ra8 21. Qe4 c4
22. bxc4 Bf5 23. Qf4 Nxc4 24. Rxa8 Rxa8 25. Nxc4 bxc4 26. Rc1 Rc8 27. h4 h5 28.
Bf3 Qc5 29. e4 Bd7 30. g4 hxg4 31. Bxg4 Bxg4 32. Qxg4 Qa3 33. Rb1 Rh8 34. Rb7+
Kh6 35. Qf4+ Kh5 36. Qxf6 Qc1+ 37. Kg2 Rh6 38. Rf7 g5 39. Qf3+ Kg6 40. h5+ 1-0

[Event "Druzynowe Mistrzostwa Polski Juniorow - Ekstraliga"]
[Site "Sypniewo k. Jastrowia"]
[Date "2024-06-17"]
[Round "1.23"]
[White "Matskevich, Varvara"]
[Black "Duda, Aleksandra"]
[Result "0-1"]
[WhiteTitle "k"]
[BlackTitle "I++"]
[WhiteElo "1949"]
[BlackElo "1863"]

1. d4 2. d5 3. Nf3 4. Bf5 5. g3 6. Nf6 7. Bg2 8. e6 9. O-O 10. c5 11. e3 12. Nc6
13. b3 14. Be7 15. Bb2 16. O-O 17. Nbd2 18. Rc8 19. a3 20. cxd4 21. exd4 22. h6
23. Rc1 24. Ne4 25. c4 26. Bf6 27. Re1 28. Nxd2 29. Qxd2 30. Na5 31. Qb4 32. b6
33. Ne5 34. Bxe5 35. dxe5 36. dxc4 37. bxc4 38. Qc7 39. c5 40. bxc5 41. Qa4 42.
Qb6 43. Bc3 44. Nb3 45. Rcd1 46. Rfd8 47. Rd6 48. Rxd6 49. exd6 50. Rd8 51. d7
52. Bc2 53. Re2 54. Nd4 55. Rxc2 56. Qb1+ 57. Bf1 58. Qxc2 59. Qa5 60. Rxd7 61.
Qxc5 62. Nf3+ 63. Kg2 64. Ne1+ 65. Kg1 66. Rd1 67. Bb4 68. Qxc5 69. Bxc5 70. a6
71. h4 72. Ra1 73. Kh2 74. Nc2 75. Bxa6 76. Nxa3 77. Bd3 78. Ra2 79. h5 80. Nc2
81. Kh3 82. Ne1 83. Be4 84. f5 85. Bb4 86. fxe4 87. Bxe1 88. Re2 89. Bc3 90. Rxf2
91. Bd4 92. Rf3 93. Kg4 94. Kf7 95. Be5 96. Rf5 97. Bf4 98. g6 99. hxg6+ 100.
Kxg6 101. Bd2 102. Rf1 103. Kh3 104. h5 105. Kg2 106. Ra1 107. Bf4 108. Ra2+ 109.
Kh3 110. Kf5 111. Bh6 112. Re2 113. Bf4 114. e3 115. Bh6 116. Ke4 117. g4 118.
hxg4+ 119. Kxg4 120. Rg2+ 0-1

[Event "Druzynowe Mistrzostwa Polski Juniorow - Ekstraliga"]
[Site "Sypniewo k. Jastrowia"]
[Date "2024-06-17"]
[Round "1.24"]
[White "Rusiecki, Katarzyna"]
[Black "Malicka, Magdalena"]
[Result "1-0"]
[WhiteTitle "I++"]
[BlackTitle "I++"]
[WhiteElo "1744"]
[BlackElo "1729"]

1. d4 2. Nf6 3. c4 4. c5 5. Nf3 6. g6 7. Nc3 8. cxd4 9. Nxd4 10. Nc6 11. e3 12.
Bg7 13. g3 14. O-O 15. Bg2 16. a6 17. O-O 18. Qc7 19. Qe2 20. d6 21. b3 22. Bg4
23. f3 24. Nxd4 25. exd4 26. Be6 27. Bb2 28. d5 29. c5 30. Bf5 31. g4 32. Be6
33. h3 34. Qf4 35. Rad1 36. Nd7 37. Qf2 38. h5 39. Ne2 40. Qf6 41. Bc1 42. hxg4
43. hxg4 44. g5 45. Ng3 46. Qg6 47. Rfe1 48. Rac8 49. Bf1 50. Rc6 51. Bd3 52.
Qh6 53. Kg2 54. Qf6 55. Nh5 56. Qh6 57. Rh1 58. f5 59. Nf4 60. Qf6 61. Nxe6 62.
Qxe6 63. Bxf5 64. Rxf5 65. gxf5 66. Qxf5 67. Qg3 68. Rf6 69. Qg4 70. Qc2+ 71.
Rd2 72. Qc3 73. Rf2 74. Nf8 75. Bd2 76. Qd3 77. Re1 78. Rg6 79. Rxe7 80. Bxd4
81. Rfe2 82. Bxc5 83. Re8 84. Qb1 85. Be3 86. Bd6 87. Bg1 88. Rh6 89. f4 90. Rf6
91. R2e6 92. Rxe6 93. Qxe6+ 94. Kg7 95. Bd4+ 96. Kh7 97. Qf7+ 1-0

[Event "Druzynowe Mistrzostwa Polski Juniorow - Ekstraliga"]
[Site "Sypniewo k. Jastrowia"]
[Date "2024-06-17"]
[Round "1.25"]
[White "Meers, Hubert"]
[Black "Karolczuk, Iwo"]
[Result "1/2-1/2"]
[WhiteTitle "k"]
[BlackTitle "FM"]
[WhiteElo "2304"]
[BlackElo "2293"]

1. e4 2. c5 3. Nf3 4. e6 5. b3 6. a6 7. Bb2 8. d5 9. exd5 10. exd5 11. d4 12. Nf6
13. Bd3 14. Be7 15. O-O 16. O-O 17. dxc5 18. Bxc5 19. Nbd2 20. Nc6 21. a3 22.
Re8 23. c4 24. dxc4 25. Nxc4 26. Bg4 27. b4 28. Bd4 29. Bxd4 30. Nxd4 31. Bxh7+
32. Nxh7 33. Qxd4 34. Bxf3 35. Qxd8 36. Raxd8 37. gxf3 38. Ng5 39. Kg2 40. Rd4
41. Ne3 42. Rf4 43. Nd5 44. Rf5 45. Ne3 46. Rf6 47. Nd5 48. Rf5 49. Ne3 50. Rf6
51. Nd5 52. Rf5 1/2-1/2

[Event "Druzynowe Mistrzostwa Polski Juniorow - Ekstraliga"]
[Site "Sypniewo k. Jastrowia"]
[Date "2024-06-17"]
[Round "1.26"]
[White "Backiel, Hubert"]
[Black "Zielonka, Adam"]
[Result "1/2-1/2"]
[WhiteTitle "k"]
[BlackTitle "k"]
[WhiteElo "2200"]
[BlackElo "2175"]

1. e4 2. e5 3. Nf3 4. Nc6 5. Bb5 6. a6 7. Ba4 8. Nf6 9. O-O 10. b5 11. Bb3 12.
Bc5 13. c3 14. d6 15. d4 16. Bb6 17. Re1 18. O-O 19. Bg5 20. h6 21. Bh4 22. Bb7
23. d5 24. Nb8 25. Nbd2 26. g5 27. Nxg5 28. hxg5 29. Bxg5 30. Kg7 31. Nf1 32.
Rh8 33. Ng3 34. Nbd7 35. Nf5+ 36. Kf8 37. Qf3 38. Rg8 39. h4 40. Qb8 41. a4 42.
Ke8 43. Bd1 44. Nh7 45. Bh6 46. Ndf6 47. Ng7+ 48. Ke7 49. Nf5+ 50. Ke8 51. Ng7+
52. Ke7 53. Nf5+ 1/2-1/2

[Event "Druzynowe Mistrzostwa Polski Juniorow - Ekstraliga"]
[Site "Sypniewo k. Jastrowia"]
[Date "2024-06-17"]
[Round "1.27"]
[White "Kraczek, Cezary"]
[Black "Chiszko, Oskar"]
[Result "0-1"]
[WhiteTitle "I+"]
[BlackTitle "I"]
[WhiteElo "2032"]
[BlackElo "2045"]

1. e4 2. c6 3. Nc3 4. d5 5. Qf3 6. e6 7. d4 8. Nf6 9. e5 10. Nfd7 11. Nh3 12. h6
13. Nf4 14. Nb6 15. Bd3 16. Na6 17. a3 18. c5 19. Bb5+ 20. Bd7 21. Bxa6 22. bxa6
23. dxc5 24. Bxc5 25. Qg4 26. Qg5 27. Qxg5 28. hxg5 29. Nd3 30. Be7 31. Be3 32.
Nc4 33. Bd4 34. f5 35. a4 36. Rh4 37. Ne2 38. Kf7 39. b3 40. Na5 41. g3 42. Rh7
43. Kf1 44. Nc6 45. Be3 46. Rc8 47. Ra2 48. g4 49. Nd4 50. Nb4 51. Nxb4 52. Bxb4
53. Ne2 54. Bc5 55. c3 56. Bxe3 57. fxe3 58. d4 59. Nxd4 60. Rxc3 61. Kf2 62.
Rh8 63. Rd2 64. Bc8 65. Ne2 66. Rc7 67. e4 68. Bb7 69. Rhd1 70. Bxe4 71. Rd7+
72. Rxd7 73. Rxd7+ 74. Ke8 75. Rxg7 76. Rxh2+ 77. Ke3 78. Bd5 79. Rxa7 80. Bxb3
81. Nd4 82. Bc4 83. Rc7 84. Bd5 85. Ra7 86. Rg2 87. Kf4 88. Rf2+ 89. Ke3 90. Rf1
91. Rxa6 92. f4+ 93. gxf4 94. g3 95. Ne2 96. g2 97. Ra7 98. Kf8 99. Rh7 100. Re1
0-1

[Event "Druzynowe Mistrzostwa Polski Juniorow - Ekstraliga"]
[Site "Sypniewo k. Jastrowia"]
[Date "2024-06-17"]
[Round "1.28"]
[White "Wojtacha, Krzysztof"]
[Black "Korszanski, Stanislaw"]
[Result "1/2-1/2"]
[WhiteTitle "I"]
[BlackTitle "I+"]
[WhiteElo "1826"]
[BlackElo "1904"]

1. e4 2. e5 3. Nf3 4. Nc6 5. Bb5 6. Nge7 7. d4 8. exd4 9. Nxd4 10. Nxd4 11. Qxd4
12. Nc6 13. Qd1 14. Bc5 15. O-O 16. O-O 17. Nc3 18. d6 19. Na4 20. Bb4 21. a3
22. Ba5 23. b4 24. Bb6 25. Nxb6 26. axb6 27. Bb2 28. Qg5 29. Qd5 30. Qxd5 31.
exd5 32. Ne7 33. Bc4 34. Bd7 35. Rfe1 36. Ng6 37. g3 38. Rfe8 39. h4 40. Rxe1+
41. Rxe1 42. Re8 43. Rxe8+ 44. Bxe8 45. Bd3 46. Ne5 47. Bxe5 48. dxe5 49. c4 50.
Kf8 51. Kg2 52. g6 53. f4 54. exf4 55. gxf4 56. Ke7 57. Kf3 58. Kd6 59. Ke4 60.
c6 61. dxc6 62. bxc6 63. Kd4 64. c5+ 65. bxc5+ 66. bxc5+ 67. Kc3 68. Ba4 69. Be2
70. f6 71. Kd3 72. h6 73. Ke3 74. Bc6 75. Bd1 76. g5 77. hxg5 78. hxg5 1/2-1/2

[Event "Druzynowe Mistrzostwa Polski Juniorow - Ekstraliga"]
[Site "Sypniewo k. Jastrowia"]
[Date "2024-06-17"]
[Round "1.30"]
[White "Piekutowska, Lena"]
[Black "Polakiewicz, Blanka"]
[Result "1-0"]
[WhiteTitle "I"]
[BlackTitle "I+"]
[WhiteElo "1634"]
[BlackElo "1632"]

1. d4 d5 2. c4 3. e6 4. Nc3 5. c6 6. e3 7. Nf6 8. Nf3 9. Be7 10. Bd3 11. dxc4 12.
Bxc4 13. b5 14. Bd3 15. Bb7 16. O-O 17. O-O 18. Re1 19. a6 20. a3 21. c5 22. dxc5
23. Bxc5 24. b4 25. Bxf3 26. gxf3 27. Bd6 28. Bb2 29. Qe7 30. Ne4 31. Nxe4 32.
Bxe4 33. Ra7 34. Kh1 35. Rd8 36. Qe2 37. f5 38. Bc2 39. Nc6 40. Bb3 41. Kf7 42.
Qc2 43. g6 44. Qxc6 45. Rc7 46. Qb6 47. Qh4 48. Be5 49. Rcd7 50. Bxd6 51. Rxd6
52. Qb7+ 53. R8d7 54. Qc8 55. Qxf2 56. Rf1 57. Qxe3 58. Ba2 59. Qe2 60. Qb8 61.
Rd1 62. Bxe6+ 63. Kxe6 64. Qe8+ 65. Re7 66. Qg8+ 67. Kf6 68. Raxd1 69. Re3 70.
Qd8+ 71. Ke5 72. Qd6# 1-0

[Event "Druzynowe Mistrzostwa Polski Juniorow - Ekstraliga"]
[Site "Sypniewo k. Jastrowia"]
[Date "2024-06-17"]
[Round "2.1"]
[White "Rog, Bartlomiej"]
[Black "Karolczuk, Iwo"]
[Result "0-1"]
[WhiteTitle "k"]
[BlackTitle "FM"]
[WhiteElo "2179"]
[BlackElo "2293"]

1. e4 2. c5 3. Nf3 4. e6 5. b3 6. a6 7. Bb2 8. d5 9. exd5 10. exd5 11. Qe2+ 12.
Be6 13. g3 14. Nc6 15. Bg2 16. Nh6 17. O-O 18. Nf5 19. d3 20. Be7 21. c4 22. d4
23. Nbd2 24. O-O 25. Ne4 26. Re8 27. Rfe1 28. h6 29. Bc1 30. Rc8 31. h3 32. b6
33. a3 34. Qd7 35. Bf4 36. Nd6 37. Bxd6 38. Bxd6 39. Nxd6 40. Qxd6 41. Qd2 42.
Bf5 43. Rab1 44. a5 45. Nh4 46. Bh7 47. Re2 48. g5 49. Rbe1 50. Rxe2 51. Qxe2
52. Rc7 53. Nf3 54. Re7 55. Qd2 56. Ne5 57. Nxe5 58. Rxe5 59. Be4 60. Bxe4 61.
Rxe4 62. Rxe4 63. dxe4 64. Qe6 65. Qd3 66. Qxh3 67. b4 68. axb4 69. axb4 70. Qe6
71. bxc5 72. bxc5 73. Kf1 74. Kg7 75. Kg2 76. h5 77. f3 78. h4 79. Qd2 80. Qe5
81. gxh4 82. gxh4 83. Qe1 84. Qf4 0-1

[Event "Druzynowe Mistrzostwa Polski Juniorow - Ekstraliga"]
[Site "Sypniewo k. Jastrowia"]
[Date "2024-06-17"]
[Round "2.2"]
[White "Backiel, Hubert"]
[Black "Jablonski, Wojciech"]
[Result "1-0"]
[WhiteTitle "k"]
[BlackTitle "I"]
[WhiteElo "2200"]
[BlackElo "1960"]

1. e4 2. e5 3. Nf3 4. Nc6 5. Nc3 6. Nf6 7. Bb5 8. Bb4 9. O-O 10. O-O 11. d3 12.
d6 13. Bg5 14. Ne7 15. Bxf6 16. gxf6 17. Ne2 18. c6 19. Ba4 20. Kh8 21. c3 22.
Ba5 23. d4 24. Rg8 25. Bb3 26. Be6 27. Ng3 28. Bc7 29. Nh4 30. Ng6 31. Nxg6+ 32.
Rxg6 33. d5 34. cxd5 35. Bxd5 36. Rb8 37. Kh1 38. Qg8 39. Nf5 40. Bxf5 41. exf5
42. Rg7 43. Qh5 44. Rg5 45. Qh3 46. b5 47. Rae1 48. b4 49. f4 50. Rg7 51. Qh4
52. Qd8 53. Rd1 54. Qe7 55. fxe5 56. dxe5 57. Rd2 58. Ba5 59. Rd3 60. Rd8 61.
Rfd1 62. bxc3 63. bxc3 64. Bb6 65. h3 66. Rg5 67. Qe4 68. h6 69. Bb3 70. Rxd3
71. Rxd3 72. Qc5 73. Rd1 74. Qc7 75. Ba4 76. Qc5 77. Be8 78. Kg7 79. Qb7 80. Qf8
81. Bxf7 82. Qxf7 83. Rd7 84. Qxd7 85. Qxd7+ 86. Kh8 87. Qe6 88. Bd8 89. c4 90.
Rg7 91. c5 92. Kh7 93. c6 94. Rc7 95. Qd6 1-0

[Event "Druzynowe Mistrzostwa Polski Juniorow - Ekstraliga"]
[Site "Sypniewo k. Jastrowia"]
[Date "2024-06-17"]
[Round "2.3"]
[White "Rozanski, Mateusz"]
[Black "Chiszko, Oskar"]
[Result "1/2-1/2"]
[WhiteTitle "I+"]
[BlackTitle "I"]
[WhiteElo "2024"]
[BlackElo "2045"]

1. e4 2. c6 3. d4 4. d5 5. Nc3 6. dxe4 7. Nxe4 8. Nf6 9. Nxf6+ 10. exf6 11. c3
12. Bd6 13. Bd3 14. O-O 15. Ne2 16. Re8 17. Qc2 18. h5 19. Be3 20. Nd7 21. O-O-O
22. Nf8 23. c4 24. Be6 25. Kb1 26. Rc8 27. Ng3 28. g6 29. Ne4 30. Be7 31. h4 32.
f5 33. Ng5 34. Bxg5 35. hxg5 36. b5 37. Rhe1 38. bxc4 39. Bxc4 40. Bd5 41. Bxd5
42. cxd5 43. Qd2 44. Ne6 45. Bf4 46. Rc4 47. Qe3 48. a5 49. g3 50. a4 51. Re2
52. Rb4 53. f3 54. a3 55. Qxa3 56. Rxd4 57. Rde1 58. Qd7 59. Qe3 60. Rc8 61. Be5
62. Rdc4 63. Bf6 64. d4 65. Qd3 66. Qb5 67. Rc2 68. Qb4 69. Qd2 70. Qb5 71. Qe2
72. Qd5 73. Rxc4 74. Rxc4 75. Qd3 76. Qb5 77. Qa3 78. Ra4 79. Qd6 80. Ra6 81.
Qe5 82. Qd3+ 83. Ka1 84. Qb3 85. a3 86. Kh7 87. Be7 88. d3 1/2-1/2

[Event "Druzynowe Mistrzostwa Polski Juniorow - Ekstraliga"]
[Site "Sypniewo k. Jastrowia"]
[Date "2024-06-17"]
[Round "2.4"]
[White "Wojtacha, Krzysztof"]
[Black "Lewek, Jakub"]
[Result "1-0"]
[WhiteTitle "I"]
[BlackTitle "I"]
[WhiteElo "1826"]
[BlackElo "1521"]

1. e4 2. e6 3. d4 4. d5 5. Nc3 6. dxe4 7. Nxe4 8. Nd7 9. Nf3 10. Ngf6 11. Bd3 12.
Nxe4 13. Bxe4 14. Nf6 15. Bd3 16. c5 17. Be3 18. Qc7 19. Qe2 20. a6 21. O-O-O
22. b5 23. dxc5 24. Bxc5 25. Bg5 26. O-O 27. Bxf6 28. Qf4+ 29. Kb1 30. Qxf6 31.
Qe4 32. g6 33. Qxa8 1-0

[Event "Druzynowe Mistrzostwa Polski Juniorow - Ekstraliga"]
[Site "Sypniewo k. Jastrowia"]
[Date "2024-06-17"]
[Round "2.5"]
[White "Siekanska, Maria"]
[Black "Szczotka, Klara"]
[Result "1-0"]
[WhiteTitle "WFM"]
[BlackTitle "k++"]
[WhiteElo "2204"]
[BlackElo "2006"]

1. d4 2. Nf6 3. Bf4 4. e6 5. Nf3 6. c5 7. e3 8. Qb6 9. dxc5 10. Bxc5 11. Nbd2 12.
Qxb2 13. Be5 14. Qb6 15. Nc4 16. Qd8 17. Bd6 18. Bxd6 19. Nxd6+ 20. Ke7 21. Qd2
22. Nc6 23. Rd1 24. Qa5 25. c3 26. b6 27. Bb5 28. a6 29. Bxc6 30. dxc6 31. Nf5+
1-0

[Event "Druzynowe Mistrzostwa Polski Juniorow - Ekstraliga"]
[Site "Sypniewo k. Jastrowia"]
[Date "2024-06-17"]
[Round "2.6"]
[White "Piekutowska, Lena"]
[Black "Mataczyna, Aleksandra"]
[Result "0-1"]
[WhiteTitle "I"]
[BlackTitle "I"]
[WhiteElo "1634"]
[BlackElo "1723"]

1. d4 2. d5 3. c4 4. e6 5. Nc3 6. c6 7. Bf4 8. Nf6 9. e3 10. Nbd7 11. Bd3 12. dxc4
13. Bxc4 14. b5 15. Bd3 16. Bb7 17. f3 18. a6 19. e4 20. c5 21. Be3 22. cxd4 23.
Bxd4 24. e5 25. Be3 26. Bc5 27. Bxc5 28. Nxc5 29. Bc2 30. Qb6 31. b4 32. Rd8 33.
Qb1 34. Ne6 35. Nge2 36. Nh5 37. a4 38. Nhf4 39. Kf1 40. Rd2 41. Ra2 42. Qe3 43.
Bd1 44. Nd3 0-1

[Event "Druzynowe Mistrzostwa Polski Juniorow - Ekstraliga"]
[Site "Sypniewo k. Jastrowia"]
[Date "2024-06-17"]
[Round "2.7"]
[White "Cieslak, Patryk"]
[Black "Meers, Hubert"]
[Result "1-0"]
[WhiteTitle "FM"]
[BlackTitle "k"]
[WhiteElo "2358"]
[BlackElo "2304"]

1. e4 2. d5 3. exd5 4. Qxd5 5. Nc3 6. Qd6 7. d4 8. Nf6 9. Nf3 10. g6 11. Nb5 12.
Qd8 13. c4 14. c6 15. Nc3 16. Bg7 17. Be2 18. O-O 19. O-O 20. Bf5 21. Nh4 22.
Ne4 23. Nxf5 24. gxf5 25. Be3 26. c5 27. d5 28. Nxc3 29. bxc3 30. Qd6 31. Bd3
32. e6 33. dxe6 34. fxe6 35. Bxf5 36. Qc6 37. Bc2 38. Qc7 39. Qg4 40. Kh8 41.
Qxe6 42. Nd7 43. Qh3 44. Nf6 45. Rad1 46. Qe5 47. Bf5 48. Rf7 49. Rd3 50. Rg8
1-0

[Event "Druzynowe Mistrzostwa Polski Juniorow - Ekstraliga"]
[Site "Sypniewo k. Jastrowia"]
[Date "2024-06-17"]
[Round "2.8"]
[White "Zielonka, Adam"]
[Black "Maslanka, Wojciech"]
[Result "0-1"]
[WhiteTitle "k"]
[BlackTitle "k"]
[WhiteElo "2175"]
[BlackElo "2103"]

1. e4 2. c6 3. Nf3 4. d5 5. Nc3 6. Bg4 7. Be2 8. e6 9. d4 10. Nf6 11. e5 12. Nfd7
13. Ng5 14. Bf5 15. Bh5 16. g6 17. Bf3 18. h5 19. Ne2 20. Be7 21. h4 22. c5 23.
c3 24. Nc6 25. a3 26. Qb6 27. O-O 28. cxd4 29. cxd4 30. Nf8 31. b4 32. Nh7 33.
Nxh7 34. Rxh7 35. Bg5 36. Bxg5 37. hxg5 38. Rh8 39. Qd2 40. a5 41. Rfd1 42. axb4
43. axb4 44. Rxa1 45. Rxa1 46. Kd7 47. Ra4 48. Rc8 49. g3 50. Ne7 51. b5 52. Rc2
53. Qb4 54. Rc4 55. Qa3 56. Rxa4 57. Qxa4 58. Bd3 59. Qb4 60. Ke8 61. Nc3 62.
Bc4 63. Qc5 64. Qxc5 65. dxc5 66. Nf5 67. Bd1 68. Kd8 69. b6 70. Nd4 71. f4 72.
Bb3 73. Nb5 74. Nxb5 75. Bxb3 76. Kd7 77. Bc2 78. Kc6 79. f5 80. exf5 81. Bxf5
82. Nd4 83. Bc8 84. Nf3+ 85. Kf2 86. Nxg5 87. Ke3 88. Ne6 0-1

[Event "Druzynowe Mistrzostwa Polski Juniorow - Ekstraliga"]
[Site "Sypniewo k. Jastrowia"]
[Date "2024-06-17"]
[Round "2.9"]
[White "Brzezina, Piotr"]
[Black "Kraczek, Cezary"]
[Result "1/2-1/2"]
[WhiteTitle "FM"]
[BlackTitle "I+"]
[WhiteElo "2298"]
[BlackElo "2032"]

1. e4 2. c5 3. Nf3 4. a6 5. Nc3 6. b5 7. d4 8. cxd4 9. Nxd4 10. Bb7 11. Bg5 12.
Qc7 13. Bd3 14. e6 15. O-O 16. Nc6 17. Nxc6 18. Bxc6 19. Qe2 20. Be7 21. Qe3 22.
Nf6 23. h3 24. h6 25. Bf4 26. Qb7 27. e5 28. Nd5 29. Nxd5 30. Bxd5 31. Qg3 32.
g5 33. Be3 34. Rg8 35. a4 36. b4 37. c3 38. b3 39. a5 40. Rc8 41. Bb6 42. Bc5
43. c4 44. Bxb6 45. axb6 46. Bxc4 47. Rfc1 48. Bd5 49. Rxc8+ Qxc8 50. Bxa6 51.
Qa8 52. Qc3 53. f5 54. Qc8+ 55. Ke7 56. b7 57. Qb8 58. Rc1 59. Bc6 60. Rc3 61.
Rd8 62. Qxb8 63. Rxb8 64. Rxb3 65. Kd8 66. g3 67. Kc7 68. Kf1 69. Bd5 70. Rb4
71. Kc6 72. Ke2 73. Kc5 74. Rb5+ 75. Kd4 76. Kd2 77. Bc6 78. Ra5 79. f4 80. gxf4
81. gxf4 82. b4 83. Ke4 84. Ke2 85. Kd4 86. Kd2 87. Ke4 88. Rc5 89. Kf3 90. Ke1
91. Ke4 92. Ke2 93. Kd4 94. Ke1 95. Ke4 96. Kd2 97. Kf3 98. Ke1 99. Ra8 1/2-1/2

[Event "Druzynowe Mistrzostwa Polski Juniorow - Ekstraliga"]
[Site "Sypniewo k. Jastrowia"]
[Date "2024-06-17"]
[Round "2.10"]
[White "Korszanski, Stanislaw"]
[Black "Brzezina, Pawel"]
[Result "1/2-1/2"]
[WhiteTitle "I+"]
[BlackTitle "I"]
[WhiteElo "1904"]
[BlackElo "1955"]

1. e4 2. c5 3. Nf3 4. e6 5. d4 6. cxd4 7. Nxd4 8. Nc6 9. Nc3 10. Qc7 11. f4 12.
a6 13. Nxc6 14. Qxc6 15. Bd3 16. b5 17. O-O 18. Bb7 19. Qe2 20. Bc5+ 21. Kh1 22.
Nf6 23. e5 24. Nd5 25. Ne4 26. Qc7 27. f5 28. Be7 29. Ng5 30. Bxg5 31. Bxg5 32.
Nb4 33. Qg4 34. Nxd3 35. cxd3 36. Qxe5 37. Rae1 38. Qd5 39. Rf2 40. h5 41. Qb4
42. f6 43. fxe6 44. dxe6 45. Bf4 46. Kf7 47. Be5 48. Rh6 49. Qh4 50. Kg8 51. Bc3
52. Rg6 53. Qh3 54. Kf7 55. Ref1 56. Rd8 57. Qh4 58. Kg8 59. Rf3 60. Qg5 61. Qxg5
62. Rxg5 63. R3f2 64. Rxd3 65. Re1 66. e5 67. Kg1 68. e4 69. Bd2 70. Rgd5 71.
Ree2 72. f5 73. Kf1 74. g6 75. Ke1 76. b4 77. Re3 78. a5 79. h3 Bc6 80. Rxd3 81.
Rxd3 82. Re2 83. Kf7 84. Bf4 85. a4 86. Rd2 87. Rxd2 88. Kxd2 89. Bd5 90. a3 91.
bxa3 92. bxa3 93. h4 94. Bg5 95. Ke6 96. Bxh4 97. f4 98. g3 99. Ke5 100. gxf4+
101. Kxf4 102. Bd8 103. g5 104. Bc7+ 105. Kf3 106. Bd8 107. Kf4 108. Bc7+ 1/2-1/2

[Event "Druzynowe Mistrzostwa Polski Juniorow - Ekstraliga"]
[Site "Sypniewo k. Jastrowia"]
[Date "2024-06-17"]
[Round "2.12"]
[White "Polakiewicz, Blanka"]
[Black "Rusiecki, Katarzyna"]
[Result "1/2-1/2"]
[WhiteTitle "I+"]
[BlackTitle "I++"]
[WhiteElo "1632"]
[BlackElo "1744"]

1. e4 2. e6 3. d4 4. d5 5. Bd3 6. dxe4 7. Bxe4 8. Nf6 9. Bf3 10. c5 11. Ne2 12.
Nc6 13. Be3 14. Nd5 15. Bxd5 16. Qxd5 17. O-O 18. cxd4 19. Nxd4 20. Bb4 21. Qg4
22. Bf8 23. Nc3 24. Qa5 25. Rfd1 26. a6 27. a3 28. Bd7 29. Nb3 30. Qe5 31. Bf4
32. Qf6 33. Rab1 34. Qg6 35. Qxg6 36. hxg6 37. Bd6 38. Bxd6 39. Rxd6 40. Ke7 41.
Rbd1 42. Rad8 43. Nc5 44. Bc8 45. Rxd8 46. Rxd8 47. Rxd8 48. Nxd8 49. Kf1 50.
b6 51. N5a4 52. b5 53. Nc5 54. f5 55. Ke2 56. Kd6 57. Nd3 58. g5 59. f3 60. Nc6
61. Ke3 62. e5 63. Kd2 64. Ne7 65. a4 66. Bd7 67. axb5 68. axb5 69. Nd1 70. Bc6
71. Ne3 72. e4 73. fxe4 74. Bxe4 75. g3 76. Bxd3 77. Kxd3 78. Ke5 79. Nd1 80.
Nd5 81. c4 1/2-1/2

[Event "Druzynowe Mistrzostwa Polski Juniorow - Ekstraliga"]
[Site "Sypniewo k. Jastrowia"]
[Date "2024-06-17"]
[Round "2.13"]
[White "Demski, Michal"]
[Black "Janeczko, Jakub"]
[Result "1/2-1/2"]
[WhiteTitle "k"]
[BlackTitle "m"]
[WhiteElo "2176"]
[BlackElo "2293"]

1. c4 2. Nf6 3. Nf3 4. e6 5. e3 6. d5 7. b3 8. c5 9. Bb2 10. Nc6 11. cxd5 12. exd5
13. Bb5 14. Bd6 15. O-O 16. O-O 17. d4 18. cxd4 19. Nxd4 20. Bc7 21. Nd2 22. Qd6
23. N2f3 24. Bg4 25. Bxc6 26. bxc6 27. Qc2 28. Bxf3 29. Nxf3 30. Ne4 31. Be5 32.
Qe7 33. Bxc7 34. Qxc7 35. Rac1 36. c5 37. Rfd1 38. Rfd8 39. Nd2 40. Nxd2 41. Rxd2
42. Rac8 43. Rcd1 44. Qd7 45. h3 46. Qe6 47. Rd3 48. Rd7 49. Rc3 50. Qd6 51. Rcd3
52. Qe6 53. Rc3 54. Qd6 55. Rcd3 56. Qe6 57. Rc3 58. Qd6 1/2-1/2

[Event "Druzynowe Mistrzostwa Polski Juniorow - Ekstraliga"]
[Site "Sypniewo k. Jastrowia"]
[Date "2024-06-17"]
[Round "2.14"]
[White "Zdybel, Przemyslaw"]
[Black "Madej, Marek"]
[Result "1/2-1/2"]
[WhiteTitle "FM"]
[BlackTitle "I++"]
[WhiteElo "2269"]
[BlackElo "2152"]

1. e4 2. c5 3. Nf3 4. e6 5. d4 6. cxd4 7. Nxd4 8. Nc6 9. Nc3 10. Nf6 11. Ndb5 12.
Bb4 13. a3 14. Bxc3+ 15. Nxc3 16. d5 17. Bd3 18. dxe4 19. Nxe4 20. Nxe4 21. Bxe4
22. Qxd1+ 23. Kxd1 24. Bd7 25. Bd2 26. O-O-O 27. Kc1 28. Nd4 29. Re1 30. Bb5 31.
a4 32. Bc4 33. Ra3 34. Ne2+ 35. Kd1 36. Rd4 37. Re3 38. f5 39. Bf3 40. Rxd2+ 41.
Kxd2 42. Rd8+ 43. Rd3 44. Bxd3 45. Bxe2 46. Bxe2+ 47. Kxe2 48. Rd4 49. b3 50.
Kd7 51. f3 52. e5 53. c3 54. Rd6 55. Ke3 56. Ke6 57. Rc1 58. h5 59. b4 60. Ra6
61. a5 62. Rd6 1/2-1/2

[Event "Druzynowe Mistrzostwa Polski Juniorow - Ekstraliga"]
[Site "Sypniewo k. Jastrowia"]
[Date "2024-06-17"]
[Round "2.15"]
[White "Perucki, Maciej"]
[Black "Suska, Szymon"]
[Result "0-1"]
[WhiteTitle "I"]
[BlackTitle "I++"]
[WhiteElo "1878"]
[BlackElo "2011"]

1. d4 2. Nf6 3. Bg5 4. e6 5. e4 6. h6 7. Bxf6 8. Qxf6 9. Nc3 10. d6 11. Qd2 12.
c6 13. h4 14. Nd7 15. O-O-O 16. e5 17. d5 18. g5 19. h5 20. Qf4 21. f3 22. Qxd2+
23. Rxd2 24. g4 25. fxg4 26. Nf6 27. dxc6 28. bxc6 29. Nf3 30. Bxg4 31. Ba6 32.
Rb8 33. Nh4 34. Nxh5 35. Be2 36. Bxe2 37. Nxe2 38. Ng7 39. Kb1 40. Rg8 41. Ng3
42. Ne6 43. Nh5 44. Be7 45. Nf5 46. Rd8 47. Nxh6 48. Rg6 49. Nf5 50. d5 51. exd5
52. cxd5 53. Nhg3 54. Bf6 55. c3 56. Nf4 57. Nh5 58. Nxh5 59. Rxh5 60. Rg5 61.
Rxg5 62. Bxg5 63. Re2 64. f6 65. g4 66. Bf4 67. Re1 68. Kf7 69. Rh1 70. Kg6 71.
Rh5 72. d4 73. cxd4 74. exd4 75. Nh4+ 76. Kf7 77. Nf3 78. d3 79. Rh1 80. Ke6 81.
Rd1 82. f5 83. g5 84. Be3 85. Ne1 86. d2 87. Nf3 88. f4 89. Kc2 90. Kf5 91. Nxd2
92. Bxd2 93. Rxd2 94. Rc8+ 95. Kd3 96. Re8 97. g6 98. f3 99. b4 100. Kf4 101.
a4 102. Rd8+ 103. Kc3 104. Rc8+ 105. Kd4 106. Rd8+ 107. Kc3 108. Rg8 109. Rd6
110. Ke5 111. Rd3 112. Ke4 113. Rd6 114. f2 115. Rf6 116. Ke3 117. Re6+ 118. Kf3
119. Rf6+ 120. Kg2 121. Kc4 122. f1=Q+ 123. Rxf1 124. Kxf1 125. Kc5 126. Ke2 127.
b5 128. Kd3 129. a5 130. Rxg6 131. b6 132. Rg5+ 133. Kb4 134. a6 0-1